Buffalo Bills Starting Offense 24/25 - Statistics

General Stats
  • This quiz has been taken 69 times
  • The average score is 8 of 12
Answer Stats
Pos. Player % Correct
QB Josh Allen
100%
RB James Cook
98%
TE Dawson Knox
91%
WR Khalil Shakir
88%
WR Keon Coleman
86%
LT Dion Dawkins
78%
WR Amari Cooper
69%
C Connor McGovern
53%
RT Spencer Brown
50%
RG O'Cyrus Torrence
48%
FB Reggie Gilliam
47%
LG David Edwards
40%
No matching quizzes found
Score Distribution
Percent of People with Each Score
Percentile by Number Answered
Your Score History
You have not taken this quiz